| 000 | 00832nam a2200265 i 4500 | ||
|---|---|---|---|
| 003 | DO-SdBNP | ||
| 005 | 20240415154004.0 | ||
| 007 | ta | ||
| 008 | 240415b2023 dr ||||| |||| 00| 0 spa d | ||
| 020 | _a9789945186123 | ||
| 040 |
_aDO-SdBNP _bspa _cBNPHU _erda |
||
| 082 | 4 | _222 | |
| 100 |
_aGarcía, Luis, _981570 _eautor |
||
| 245 | 1 | 0 |
_aRadiografía de los sistemas políticos y electorales de la República Dominicana / _cLuis García |
| 264 |
_aSanto Domingo : _bBúho, _c2023. |
||
| 300 |
_a193 páginas ; _c23 cm. |
||
| 336 |
_2rdacontent _atexto _btxt |
||
| 337 |
_2rdamedia _asin mediación _bn |
||
| 338 |
_2rdacarrier _avolumen _bnc |
||
| 500 | _aIncluye datos biográficos del autor en las solapas | ||
| 504 | _aBibliografía : p.187-193 | ||
| 590 | _aInventariado, 2024/BT | ||
| 910 | _aBtavárez | ||
| 942 |
_2ddc _cLBS1 |
||
| 999 |
_c56423 _d56423 |
||